HR marketing – attributes of employee retention

Miera využívania personálneho marketingu (HR marketingu) a hlavné nástroje využívané v oblasti interného personálneho marketingu, ktoré priamo korešpondujú s kvalitou značky zamestnávateľa (employer branding).

Na minha lista:
Detalhes bibliográficos
Autor principal: Maršíková, Kateřina
Outros Autores: Myslivcová, Světlana
Formato: Capítulo de Livro
Idioma:tcheco
Assuntos:
Tags: Adicionar Tag
Sem tags, seja o primeiro a adicionar uma tag!

MARC

LEADER 00000naa a2200000 4500
001 0222521
005 20241024143349.6
041 0 |a cze 
044 |a CZ 
245 1 0 |a HR marketing – attributes of employee retention  |c Kateřina Maršíková, Světlana Myslivcová 
520 |a Miera využívania personálneho marketingu (HR marketingu) a hlavné nástroje využívané v oblasti interného personálneho marketingu, ktoré priamo korešpondujú s kvalitou značky zamestnávateľa (employer branding). 
610 2 0 |a marketing personálny 
610 2 0 |a riadenie ľudských zdrojov 
610 2 0 |a personalistika 
610 2 0 |a manažment personálny 
610 2 0 |a práca personálna 
610 2 0 |a budovanie značky 
100 1 |a Maršíková, Kateřina 
700 1 |a Myslivcová, Světlana